ICAO-koder från kod - Statistics

General Stats
  • This quiz has been taken 3 times
  • The average score is 113 of 213
Answer Stats
Hint Answers Codes % Correct
S Amsterdam EHAM
100%
Berlin Tegel EDDT
100%
S Birmingham EGBB
100%
S Brussels EBBR
100%
Cork EICK
100%
S Dublin EIDW
100%
S Frankfurt EDDF
100%
S Gatwick EGKK
100%
S Glasgow EGPF
100%
S Hamburg EDDH
100%
S Helsinki Vantaa EFHK
100%
Liverpool EGGP
100%
S London Stansted EGSS
100%
Montreal CYMX
100%
S Munich EDDM
100%
Reykjavik BIRK
100%
S Shannon EINN
100%
S Tallinn EETN
100%
S Toronto CYYZ
100%
S Vancouver CYVR
100%
S Aalborg EKYT
50%
S Aarhus EKAH
50%
S Abu Dhabi OMAA
50%
S Agadir GMAD
50%
Alger DAAG
50%
S Alicante LEAL
50%
S Antalya LTAI
50%
S Athens LGAV
50%
Atlanta KATL
50%
S Axlanda ESHX
50%
Baghdad ORBI
50%
S Barcelona LEBL
50%
Basel-Mullhouse LFSB
50%
S Beijing ZBAA
50%
S Beirut OLBA
50%
Belgrade LYBE
50%
S Bergen ENBR
50%
S Berlin Brandenburg EDDB
50%
Berlin Tempelhof EDDI
50%
S Billund EKBI
50%
Bodö ENBO
50%
Bordeaux LFBD
50%
Borlänge ESSD
50%
Bornholm Ronne EKRN
50%
Bratislava LZIB
50%
S Bremen EDDW
50%
S Bucharest LROP
50%
S Budapest LHBP
50%
Burgas LBBG
50%
S Cairo HECA
50%
Casablanca GMMT
50%
S Chicago KORD
50%
S Copenhagen EKCH
50%
S Dala ESHA
50%
Dallas KDFW
50%
S Deje ESHD
50%
S Doha OTBD
50%
Don Meuang Bangkok VTBD
50%
S Dubai OMDB
50%
Dubrovnik LDDU
50%
S Düsseldorf EDDL
50%
S Edinburgh EGPH
50%
Eindhoven EHEH
50%
Eslöv ESME
50%
S Faro LPFR
50%
Fuerteventura GCFV
50%
S Gdansk EPGD
50%
S Geneva LSGG
50%
Goa VOGO
50%
S Göteborg Landvetter ESGG
50%
S Gran Canaria GCLP
50%
S Halmstad ESMT
50%
Hannover EDDV
50%
Harare FVHA
50%
Haugesund ENHD
50%
S Havanna MUHA
50%
S Hemse ESHM
50%
Heraklion LGIR
50%
Höganäs ESMH
50%
S Hong Kong VHHH
50%
S Horn ESHH
50%
S Hurghada HEGN
50%
S Ibiza LEIB
50%
Innsbruck LOWI
50%
Islamabad OPRN
50%
S Istanbul LTBA
50%
Johannesburg FAJS
50%
S Jönköping ESGJ
50%
Kalmar ESMQ
50%
Kangerlussuaq BGSF
50%
S Karachi OPKC
50%
Karup EKKA
50%
Katowice EPKT
50%
S Keflavik BIKF
50%
Kiruna ESNQ
50%
Kos LGKO
50%
Kraków EPPK
50%
S Kristiansand ENCN
50%
Kristianstad ESMK
50%
Kristiansund ENKB
50%
S Kuala Lumpur WMKK
50%
Lahore OPLA
50%
Lakselv ENNA
50%
S Lanzarote GCRR
50%
S Larnaca LCLK
50%
S Lidköping ESGL
50%
S Linköping SAAB ESSL
50%
S Lisbon LPPT
50%
Lolland Falster EKMB
50%
S London Heathrow EGLL
50%
London Southend EGMC
50%
S Los Angeles KLAX
50%
S Luleå ESPA
50%
S Luqa LMML
50%
S Luxembourg ELLX
50%
S Madeira LPMA
50%
S Madrid LEMD
50%
S Malaga LEMG
50%
S Malma ESHL
50%
S Malmö ESMS
50%
S Manchester EGCC
50%
Miami KMIA
50%
S Milan Linate LIML
50%
S Milan Malpensa LIMC
50%
Minsk UMMS
50%
Mitilini LGMT
50%
Monaco Heliport LNMC
50%
S Monastir DTMB
50%
Montpellier LFMT
50%
S Moscow Sheremetyevo UUEE
50%
Murmansk ULMM
50%
Muscat OOMS
50%
S Narita RJAA
50%
S Newark KEWR
50%
Newcastle EGNT
50%
New Delhi VIDD
50%
S New York John F. Kennedy KJFK
50%
S Nice LFMN
50%
S Örebro ESOE
50%
Örland ENOL
50%
Orlando KMCO
50%
Örnsköldsvik ESNO
50%
Osaka RJOY
50%
S Oslo ENGM
50%
S Palanga EYPA
50%
S Palma de Mallorca LEPA
50%
S Paris Charles De Gaulle LFPG
50%
S Paris Le Bourget LFPB
50%
S Paris Orly LFPO
50%
Phuket VTSP
50%
Poznan EPPO
50%
S Prague LKPR
50%
S Riga EVRA
50%
Rodos LGRD
50%
S Rome Ciampino LIRA
50%
S Rome Fiumicino LIRF
50%
S Ronneby ESDF
50%
Roskilde EKRK
50%
Rotterdam EHRD
50%
S Rovaniemi EFRO
50%
S Salzburg LOWS
50%
S Sandefjord Torp ENTO
50%
S San Francisco KSFO
50%
Santorini LGSR
50%
S Säve ESGP
50%
S Seattle KSEA
50%
Seoul RKSI
50%
Seychelles FSIA
50%
S Shanghai ZSPD
50%
S Singapore WSSS
50%
S Skavsta ESKN
50%
Skellefteå ESNS
50%
S Sofia LBSF
50%
Sönderborg EKSB
50%
S Stavanger ENZV
50%
S Stockholm Arlanda ESSA
50%
S Stockholm Bromma ESSB
50%
S S:t Petersburg ULLI
50%
Strasbourg LFST
50%
S Stuttgart EDDS
50%
S Suvarnabhumi Bangkok VTBS
50%
Tampere Pirkkala EFTP
50%
S Teheran OIII
50%
S Tel-Aviv LLBG
50%
Tenerife North GCXO
50%
S Tenerife South GCTS
50%
Thisted EKTS
50%
Tokyo RJTT
50%
Torino LIMA
50%
S Torneby ESHT
50%
S Trollhättan ESGT
50%
S Trondheim ENVA
50%
Umeå ESNU
50%
Uppsala ESCM
50%
Vaasa EFVA
50%
S Vágar EKVG
50%
Varna LBWN
50%
S Västerås ESOW
50%
S Vienna LOWW
50%
Vigra ENAL
50%
S Vilnius EYVI
50%
S Virum ESDL
50%
Visby ESSV
50%
S Warsaw EPWA
50%
Zagreb LDZA
50%
S Zürich LSZH
50%
Chania LGSA
0%
Corfu LRKR
0%
Eliat LLET
0%
Ellinikon LGAT
0%
Etrepagny LFFY
0%
Krabi VTSG
0%
Ovda LLOV
0%
No matching quizzes found
Score Distribution
Percent of People with Each Score
Percentile by Number Answered
Your Score History
You have not taken this quiz